Reading India now : (Record no. 170470)

MARC details
000 -LEADER
fixed length control field 00698nam a2200193 4500
005 - DATE AND TIME OF LATEST TRANSACTION
control field 20220607163118.0
010 ## - LCCN (DPL NO)
LC control number ENG-127149
020 ## - INTERNATIONAL STANDARD BOOK NUMBER
International Standard Book Number 9789352876457
Terms of availability 875.00
035 ## - SYSTEM CONTROL NUMBER
System control number EN-110681
037 ## - SOURCE OF ACQUISITION
Source of stock number/acquisition DBAD/PUB
082 ## - DEWEY DECIMAL CLASSIFICATION NUMBER
Classification number 891.400
100 ## - MAIN ENTRY--PERSONAL NAME
Personal name Anjaria, Ulka
245 ## - TITLE STATEMENT
Title Reading India now :
Remainder of title contemporary formations in literature and popular culture /
Statement of responsibility, etc by Michael Freeman [and] Joel Ross
260 ## - PUBLICATION, DISTRIBUTION, ETC. (IMPRINT)
Place of publication, distribution, etc Hyderabad
Name of publisher, distributor, etc Orient Blankswan Private
Date of publication, distribution, etc 2019
270 ## - ADDRESS
Address 3-6-752 Himayatnagar, Hyderabad
City Telangana
Postal code 500029
Electronic mail address indo@orientblackswan.com
300 ## - PHYSICAL DESCRIPTION
Extent xiv;264p .
Dimensions 23cm(Hb)
500 ## - GENERAL NOTE
General note Includes bibliographical references and index
942 ## - ADDED ENTRY ELEMENTS (KOHA)
Source of classification or shelving scheme Dewey Decimal Classification
Item type English Books
Classification part 891.400
Call number suffix ANJ
Holdings
Withdrawn status Lost status Not for loan Collection code Home library Current library Date acquired Source of acquisition Cost, normal purchase price Full call number Barcode Copy number Cost, replacement price Koha item type
      Non-fiction Patel Nagar Patel Nagar 16/12/2019 DBAD/PUB 875.00 891.400 ANJ EN-110681 1 875.00 English Books

© Delhi Public Library
Hit Counter
free hit counter